Statistiken für Fußballvereine A-Z

Klicken Sie hier um das Quiz zu spielen!

Allgemein

  • Dieses Quiz wurde 1.448 mal gespielt
  • Das Durchschnittsergebnis liegt bei 20 aus 26

Antwortstatistiken

StädteVereinsname% Korrekt
BDortmund, Mönchengladbach, NeunkirchenBorussia
99%
EFrankfurt, Braunschweig, TrierEintracht
96%
DKiew, Houston, DresdenDynamo
95%
IMiami, Mailand, BratislavaInter
95%
JTurinJuventus
95%
CLeicester, Manchester, StokeCity
94%
HRostockHansa
93%
FDüsseldorf, Köln, SittardFortuna
91%
OLyon, MarseilleOlympique
89%
KStuttgart, Offenbach, WürzburgKickers
87%
USheffield, Leeds, DundeeUnited
87%
YBern{Young} Boys
87%
REssen, Oberhausen, ErfurtRot-Weiß
84%
VKöln, Aschaffenburg, PilsenViktoria
81%
AWest Bromwich, Brighton & HoveAlbion
78%
LMoskau, Leipzig, SofiaLokomotive
78%
GLos AngelesGalaxy
66%
SPrag, RotterdamSparta
66%
WBolton, WolverhamptonWanderers
66%
TIpswich, Huddersfield, SwindonTown
64%
MHaifa, Netanya, Tel AvivMaccabi
61%
ZMoskau, SofiaZSKA
58%
QDumfries (Schottland){Queen} of the South
48%
PBelgradPartizan
47%
NAsuncion, Montevideo, FunchalNacional
27%
XNeuchâtelXamax
26%

Verteilung der Resultate

Perzentil nach korrekt beantworteten Fragen

Anzahl Personen mit jedem Resultat

Ihre Resultats-Entwicklung

Sie haben dieses Quiz noch nicht gespielt